عرض عادي
عرض مارك
- التربية الإسلامية
مدخل مصطلح موضوعي
001 - رقم الضبط
- حقل الضبط: 75
003 - معرف رقم الضبط
- حقل الضبط: OSt
005 - تاريخ ووقت أخر عملية
- حقل الضبط: 20110531065440.0
008 - عناصر بيانات ثابتة الطول
- حقل تحكم ثابت الطول: 110531|||a|||||| | ||| d
040 ## - مصدر الفهرسة
- هيئة الفهرسة الأصلية: OSt
- وكالة الكتابة: OSt
150 ## - مدخل-- مصطلح تاريخي
- عنصر مدخل المصطلح الموضوعي او الاسم الجغرافي: التربية الإسلامية
670 ## - بيانات المصدر موجوده
- الاستشهاد بالمصدر: Work cat.: (OSt)4333: عزازي، فاتن محمد 74, أصول التربية الإسلامية /, [2010]
